00959nam a2200205 i 4500001000400000003000900004005001700013008003900030040000800069080001200077100014600089245010400235260002100339500002100360520028100381650002500662942001200687999001500699952003900714BPPKOSZ 00520171116114747.0150311s1989 pl f |000 0 pol cBPK a624.131 aMADEJ, Jerzy.d1976 - 1996.bWyższa Szkoła Inżynierska w Koszalinie - Wydział Inżynierii Lądowej i Sanitarnej,cZakład Geotechniki aOptymalizacja metod analizy stateczności ośrodka gruntowego w stanie granicznym /cJerzy Madej. aKoszalin,c1989. aDane z autopsji. aPrzeprowadzono obszerne badania laboratoryjne próbek gruntu spoistego zmierzające do ustalenia wytrzymałości rezydualnej tego gruntu. W wyniku tych badan uzyskano parametry wytrzymałości rezydualnej w dwóch grupach metod badawczych, standardowej i niestandardowej. 0aMechanika gruntów. cMN2UKD c2284d2284 00104070aBPKbBPKoNB-288/IyMN